[Event "Titled Tue 10th Jun Early"]
[Site "chess.com INT"]
[Date "2025.06.10"]
[Round "5"]
[White "Manon-og, Ramon Jr."]
[Black "Boramanikar, Tanisha S"]
[Result "1-0"]
[BlackTitle "WCM"]
[WhiteElo "1913"]
[BlackElo "1743"]
[WhiteFideId "5200776"]
[BlackFideId "35023454"]
[EventDate "2025.06.10"]

1. e4 c5 2. f4 a6 3. Nf3 b5 4. c3 Bb7 5. d3 d5 6. e5 e6 7. d4 Ne7 8. Bd3 Nec6 9.
O-O Nd7 10. f5 Qb6 11. fxe6 fxe6 12. Ng5 O-O-O 13. Nf7 Be7 14. Nxh8 Rxh8 15. Rf7
cxd4 16. Kh1 Ndxe5 17. Rxg7 Rf8 18. Bg5 Nxd3 19. Qxd3 Ne5 20. Qd1 Ng4 21. Qe1
Nf2+ 22. Kg1 d3 23. Be3 Bc5 24. Bxc5 Qxc5 25. Qxe6+ Kb8 26. Qe5+ Ka8 27. Qd4 Qd6
28. Nd2 Qh6 29. Nf3 Ne4 30. Qxd3 Qxg7 31. Rd1 Rg8 32. Qe2 h5 33. a4 Bc6 34. axb5
Bxb5 35. Qc2 Qa7+ 36. Nd4 h4 37. h3 Qg7 38. Ra1 Kb7 39. Nxb5 axb5 40. Qe2 Qd7
41. Rd1 Re8 42. Qe1 Nd6 43. Qxh4 Qe7 44. Qxe7+ Rxe7 45. Rxd5 Kc6 46. Rd2 Re1+
47. Kh2 Rb1 48. h4 Nc4 49. Rf2 Rxb2 50. Rxb2 Nxb2 51. h5 Nc4 52. h6 Nd6 53. h7
Nf7 54. g4 Kc5 55. g5 Nh8 56. Kg3 Kc4 57. Kf4 Kxc3 58. Kf5 b4 59. Kf6 b3 60. Kg7
Ng6 61. Kxg6 b2 62. h8=Q+ Kc2 63. Qxb2+ Kxb2 64. Kf6 Kc3 65. g6 Kd3 66. g7 Kd4
67. g8=Q Ke3 68. Qg4 Kf2 69. Qh3 Ke1 70. Qg2 Kd1 71. Ke5 Kc1 72. Ke4 1-0

[Event "Titled Tue 10th Jun Early"]
[Site "chess.com INT"]
[Date "2025.06.10"]
[Round "5"]
[White "Naroditsky, Daniel"]
[Black "Ashraf, Artin"]
[Result "0-1"]
[WhiteTitle "GM"]
[BlackTitle "FM"]
[WhiteElo "2619"]
[BlackElo "2407"]
[WhiteFideId "2026961"]
[BlackFideId "22514805"]
[EventDate "2025.06.10"]

1. Nf3 Nf6 2. g3 d5 3. Bg2 e6 4. O-O Be7 5. d3 O-O 6. c4 c5 7. cxd5 exd5 8. d4
Nc6 9. Nc3 h6 10. Bf4 Be6 11. Rc1 c4 12. Ne5 Qb6 13. Na4 Qb5 14. b3 Rfd8 15.
bxc4 dxc4 16. Nc3 Qa6 17. Nxc6 bxc6 18. e3 Nd5 19. Qe2 g5 20. Be5 f6 21. Qh5 Kg7
22. f4 fxe5 23. fxg5 Bxg5 24. Be4 Ne7 25. dxe5 Rf8 26. Kg2 Qa5 27. h4 Qxe5 28.
hxg5 Qxg5 29. Qxg5+ hxg5 30. Rfd1 Rad8 31. Rxd8 Rxd8 32. Rc2 Kf6 33. Kf2 Ke5 34.
Bg2 Bf5 35. Rb2 Rd3 36. Ne2 Nd5 37. Nd4 Nxe3 38. Nxc6+ Kd6 39. Bf3 g4 40. Be2
Nd1+ 41. Bxd1 Rxd1 42. Na5 c3 43. Rb5 c2 44. Nb3 Bd3 45. Rb8 a5 46. Ke3 Bc4 47.
Nc1 Rxc1 48. Kd2 Rf1 49. Kxc2 Bxa2 50. Rb6+ Ke5 51. Kd2 Be6 52. Rb5+ Kf6 53.
Rxa5 Rf3 54. Ra3 Rxa3 55. Ke2 Rf3 56. Ke1 Ke5 57. Ke2 Ke4 58. Ke1 Kd3 59. Kd1
Rf1# 0-1

[Event "Titled Tue 10th Jun Early"]
[Site "chess.com INT"]
[Date "2025.06.10"]
[Round "5"]
[White "Nguyen Thi Mai Hung"]
[Black "Zhou, Yuxu"]
[Result "0-1"]
[WhiteTitle "WGM"]
[BlackTitle "CM"]
[WhiteElo "2191"]
[BlackElo "2113"]
[WhiteFideId "12401676"]
[BlackFideId "8626421"]
[EventDate "2025.06.10"]

1. Nf3 a6 2. g3 h6 3. Bg2 g6 4. d4 Bg7 5. O-O d6 6. c3 e6 7. e4 Ne7 8. Nbd2 Nd7
9. Re1 b6 10. e5 Bb7 11. Nc4 d5 12. Ne3 c5 13. a4 Qc7 14. Ng4 h5 15. Ne3 Bh6 16.
Bd2 O-O-O 17. a5 b5 18. b3 g5 19. dxc5 Nxc5 20. Nd4 Nd3 21. Rf1 Nxe5 22. Qe2
N5c6 23. Nec2 Nxd4 24. Nxd4 Nc6 25. Rfc1 h4 26. Nxc6 Bxc6 27. c4 bxc4 28. bxc4
d4 29. Rab1 d3 30. Qf1 g4 31. Bxh6 Rxh6 32. Rb6 e5 33. Rd1 Bxg2 34. Qxg2 Rxb6
35. axb6 Qxb6 36. Qe4 d2 37. Qxg4+ Kb8 38. Qe2 h3 39. Qxe5+ Ka8 40. Qe4+ Qb7 41.
Qxb7+ Kxb7 42. Kf1 Kc6 43. Ke2 Kc5 44. Rxd2 Rxd2+ 45. Kxd2 Kxc4 46. f3 a5 47. g4
Kd4 48. Ke2 a4 49. Kd2 a3 50. Kc2 Ke3 51. Kb3 Kxf3 52. g5 Kg2 53. Kxa3 Kxh2 54.
Kb4 Kg2 55. Kc5 Kg3 56. Kd6 Kg4 57. Ke7 Kf5 58. Kxf7 Kxg5 59. Ke6 Kf4 60. Kf6 h2
61. Kg6 Ke4 62. Kg5 Kd5 63. Kg4 Kc6 64. Kg3 h1=Q 65. Kf2 Qe4 66. Kg3 Kc5 67. Kf2
Kc4 68. Kf1 Kc3 69. Kg1 Kd3 70. Kh2 Qg4 71. Kh1 Ke2 72. Kh2 Kf2 73. Kh1 Qg2# 0-1

[Event "Titled Tue 10th Jun Early"]
[Site "chess.com INT"]
[Date "2025.06.10"]
[Round "5"]
[White "Jimenez Carrazoni, Marta Elena"]
[Black "Mikhalsky, Vladimir"]
[Result "1/2-1/2"]
[WhiteTitle "WCM"]
[WhiteElo "1968"]
[BlackElo "2219"]
[WhiteFideId "54765102"]
[BlackFideId "14144352"]
[EventDate "2025.06.10"]

1. e4 g6 2. d4 Bg7 3. Be3 d6 4. Nc3 a6 5. f4 Nf6 6. h3 e5 7. dxe5 dxe5 8. Qxd8+
Kxd8 9. O-O-O+ Nfd7 10. fxe5 Bxe5 11. Nf3 Bxc3 12. bxc3 Nc6 13. Ng5 Ke8 14. Bc4
Nde5 15. Bd5 f6 16. Ne6 Bxe6 17. Bxe6 Ke7 18. Bd5 b6 19. Bd4 Rad8 20. Rhf1 Rd6
21. Rf2 Rf8 22. Rdf1 Nd7 23. Be3 Nce5 24. Bh6 Rd8 25. Bg7 c6 26. Bb3 b5 27. g4
g5 28. h4 Nxg4 29. Re2 gxh4 30. Rh1 c5 31. Bd5 Nde5 32. Rxh4 Rxd5 33. exd5 Kf7
34. Rxh7 Kg6 35. Bxf6 Nxf6 36. Ra7 Rxd5 37. Rxa6 c4 38. Rf2 Ng4 39. Rg2 Kf5 40.
Rg1 Ke5 41. Rf1 Ne4 42. Re1 Nf2 43. Ra8 Rd6 44. Re8+ Re6 45. Rxe6+ Kxe6 46. Kb2
Kd5 47. Ka3 Ng4 48. Kb4 Ngf2 49. Kxb5 Nxc3+ 50. Kb4 Nxa2+ 51. Ka3 Nc3 52. Kb2
Nce4 53. Re2 c3+ 54. Kb3 Ng4 55. Rg2 Ne5 56. Rh2 Nc6 57. Rh3 Nd4+ 58. Kb4 Nxc2+
59. Kb3 Nd4+ 60. Ka2 c2 61. Rh1 Ne2 62. Kb2 Nd4 63. Rh2 Ng3 64. Rxc2 Nxc2 1/2-1/2

[Event "Titled Tue 10th Jun Early"]
[Site "chess.com INT"]
[Date "2025.06.10"]
[Round "5"]
[White "Yevchenko, Oleksandr"]
[Black "Tleukhanov, Yerlan"]
[Result "0-1"]
[WhiteTitle "CM"]
[BlackTitle "FM"]
[WhiteElo "2276"]
[BlackElo "2296"]
[WhiteFideId "14108267"]
[BlackFideId "13749692"]
[EventDate "2025.06.10"]

1. c4 g6 2. d4 Bg7 3. Nc3 Nf6 4. e4 d6 5. h3 O-O 6. Be3 e5 7. d5 Nh5 8. g3 Nd7
9. Be2 Nhf6 10. Nf3 Nc5 11. Qc2 a5 12. O-O-O b6 13. g4 Nfd7 14. Nd2 h6 15. h4
Nb8 16. f3 Nba6 17. a3 Bd7 18. Kb1 a4 19. Nb5 Qe7 20. g5 h5 21. Rc1 c6 22. dxc6
Bxc6 23. Rhd1 Nc7 24. Ka2 N7e6 25. Nb1 Nb3 26. Rxd6 Nxc1+ 27. Qxc1 Bxb5 28. cxb5
Qxd6 29. Nc3 Nd4 30. Bc4 Rac8 31. Nxa4 Rc7 32. b3 Rfc8 33. Qf1 Nc2 34. Bc1 Bf8
35. Qd3 Qxd3 36. Bxd3 Ne1 37. Bc4 Nxf3 38. Nxb6 Rd8 39. Nd5 Rb7 40. a4 Bc5 41.
Bb2 Bd4 42. Ba3 Ra8 43. Ne7+ Kg7 44. Nc6 Be3 45. Be7 Bd2 46. Bf6+ Kf8 47. Be7+
Kg7 48. Bf6+ Kg8 49. Nxe5 Nxe5 50. Bxe5 Re8 51. Bd5 Rxe5 52. Bxb7 Kf8 53. Bd5
Ke7 54. Ka3 f5 0-1

[Event "Titled Tue 10th Jun Early"]
[Site "chess.com INT"]
[Date "2025.06.10"]
[Round "5"]
[White "Kourkoulos-Arditis, Stamatis"]
[Black "Garcia, Erick"]
[Result "0-1"]
[WhiteTitle "GM"]
[WhiteElo "2580"]
[BlackElo "2135"]
[WhiteFideId "4221990"]
[BlackFideId "2058880"]
[EventDate "2025.06.10"]

1. d4 Nf6 2. Bf4 d5 3. e3 c5 4. Nf3 Nc6 5. Nbd2 Qb6 6. dxc5 Qxb2 7. Rb1 Qc3 8.
Bb5 g6 9. O-O Bg7 10. Nb3 O-O 11. Bxc6 bxc6 12. Be5 Qc4 13. h3 Bf5 14. Nfd4 Bd7
15. Qd3 Qa4 16. Nd2 Nh5 17. Bxg7 Nxg7 18. Rb7 e5 19. Rxd7 exd4 20. exd4 Qxa2 21.
Nb3 Qa4 22. Ra1 Qb4 23. Raxa7 Rxa7 24. Rxa7 Qe1+ 25. Qf1 Qc3 26. Qd1 Re8 27. Qd2
Qxd2 28. Nxd2 Nf5 29. Nf3 Re2 30. g4 Nh6 31. Ne5 Rxc2 32. Nxc6 f5 33. Ne7+ Kf8
34. Nxd5 fxg4 35. Rxh7 Nf5 36. hxg4 Nxd4 37. Nf4 Rxc5 38. Nxg6+ Kg8 39. Rd7 Ne2+
40. Kg2 Rg5 41. Ne7+ Kf8 42. Kf3 Nc3 43. Nf5 Rg6 44. Kf4 Ra6 45. f3 Ne2+ 46. Kg5
Ng1 47. f4 Nh3+ 48. Kh4 Nxf4 49. Rb7 Ne6 50. Kh5 Nf4+ 51. Kg5 Ne6+ 52. Kh4 Nf4
53. Ne3 Ne6 54. Nc4 Ra1 55. Ne5 Rh1+ 56. Kg3 Rg1+ 57. Kf2 Rc1 58. Ng6+ Kg8 59.
Ke3 Rg1 60. Ne5 Re1+ 61. Kf3 Rxe5 62. Ra7 Kf8 63. Kg3 Nd4 64. Kf4 Re8 65. g5
Ne6+ 66. Kf5 Kg8 67. Kf6 Nxg5 68. Kxg5 Re6 0-1

[Event "Titled Tue 10th Jun Early"]
[Site "chess.com INT"]
[Date "2025.06.10"]
[Round "5"]
[White "Caku, Kler"]
[Black "Winkels, Marcel"]
[Result "1-0"]
[WhiteTitle "WFM"]
[BlackTitle "CM"]
[WhiteElo "2010"]
[BlackElo "1905"]
[WhiteFideId "4704703"]
[BlackFideId "1003887"]
[EventDate "2025.06.10"]

1. e4 c5 2. Nf3 d6 3. d4 cxd4 4. Nxd4 Nf6 5. Nc3 a6 6. Be2 e6 7. Be3 Be7 8. O-O
O-O 9. f4 Nc6 10. Bf3 Qc7 11. g4 Nxd4 12. Bxd4 e5 13. Be3 exf4 14. Bxf4 Be6 15.
g5 Nd7 16. Qd2 Ne5 17. h4 Rac8 18. Bxe5 dxe5 19. Kg2 Rfd8 20. Qf2 Bb4 21. Nd5
Bxd5 22. exd5 Qxc2 23. Be2 Qe4+ 24. Bf3 Qd4 25. Qe2 Re8 26. Bg4 Rcd8 27. Rad1
Qb6 28. Qf3 Rf8 29. Bf5 g6 30. Be4 Bd6 31. b3 Rc8 32. h5 Qb4 33. Rh1 Rc3 34. Rd3
Rxd3 35. Qxd3 Qd4 36. Qf3 Qd2+ 37. Kh3 Bb4 38. Rh2 Qc3 39. Rg2 Qxf3+ 40. Bxf3 e4
41. Bxe4 Re8 42. Re2 Re7 43. hxg6 hxg6 44. Kg4 Bc5 45. Kf3 Bd6 46. Rc2 Re5 47.
Rc8+ Kg7 48. Ke3 Rxg5 49. Kd4 Rg4 50. Rd8 f5 51. Rxd6 Rxe4+ 52. Kd3 Re8 53. Rd7+
Kf6 54. Rxb7 f4 55. d6 1-0

[Event "Titled Tue 10th Jun Early"]
[Site "chess.com INT"]
[Date "2025.06.10"]
[Round "5"]
[White "Yonal, Timur"]
[Black "Cordeiro, Marco Aurelio Zaror"]
[Result "1-0"]
[WhiteTitle "FM"]
[WhiteElo "2170"]
[BlackElo "2056"]
[WhiteFideId "44115725"]
[BlackFideId "2117991"]
[EventDate "2025.06.10"]

1. e4 Nf6 2. e5 Nd5 3. c4 Nb6 4. d4 d6 5. f4 dxe5 6. fxe5 c5 7. Nf3 cxd4 8. Qxd4
Qxd4 9. Nxd4 Nc6 10. Nxc6 bxc6 11. Nc3 Be6 12. b3 O-O-O 13. Be3 g6 14. a4 Bg7
15. a5 Bxe5 16. Rc1 Nd7 17. Be2 Kb7 18. b4 Nf6 19. Na4 Bg4 20. Nc5+ Kb8 21. b5
Bxe2 22. Kxe2 Bd4 23. bxc6 Bxe3 24. Na6+ Kc8 25. Kxe3 Rd6 26. Rb1 Re6+ 27. Kf3
Rxc6 28. Rb8+ Kd7 29. Rxh8 Rxa6 30. Rd1+ Ke6 31. Re1+ Kd7 32. Rb8 Ne8 33. Rb7+
Nc7 34. c5 Kc6 35. Rb8 Ne6 36. Re8 Kd7 37. Rh8 Rxa5 38. Rc1 Rxc5 39. Rxc5 Nxc5
40. Rxh7 f6 41. h4 a5 42. Rh8 a4 43. Ra8 Kc6 44. Ke3 Kb5 45. Kd4 Nb3+ 46. Kc3
Nc5 47. g4 e5 48. h5 gxh5 49. gxh5 Ne4+ 50. Kd3 Ng5 51. h6 Kb4 52. Rb8+ Ka3 53.
Kc2 Ka2 54. Rb7 1-0

[Event "Titled Tue 10th Jun Early"]
[Site "chess.com INT"]
[Date "2025.06.10"]
[Round "5"]
[White "Hou, Yifan"]
[Black "Praggnanandhaa, R"]
[Result "0-1"]
[WhiteTitle "GM"]
[BlackTitle "GM"]
[WhiteElo "2633"]
[BlackElo "2767"]
[WhiteFideId "8602980"]
[BlackFideId "25059530"]
[EventDate "2025.06.10"]

1. e4 g6 2. d4 Bg7 3. Nf3 d6 4. h3 Nf6 5. Nc3 O-O 6. Be3 a6 7. a4 Nc6 8. Qd2 e5
9. dxe5 dxe5 10. Qxd8 Rxd8 11. Bc4 Nd4 12. O-O-O Be6 13. Nxe5 Nxe4 14. Bxd4 Nxc3
15. Bxc3 Bxe5 16. Bxe5 Bxc4 17. Bxc7 Rdc8 18. Be5 Bb3 19. Rd2 Bxa4 20. Rhd1 h6
21. Bf6 g5 22. h4 gxh4 23. Bxh4 Rc4 24. Bf6 Rac8 25. Rd8+ Rxd8 26. Rxd8+ Kh7 27.
Bc3 Bc6 28. g3 Rc5 29. Kd2 Rf5 30. Ke3 Rc5 31. Rh8+ Kg6 32. g4 Kg5 33. Rg8+ Kh4
34. Bf6+ Kh3 35. c3 Rc4 36. Bd4 Ra4 37. f3 Ra1 38. Rh8 Kg2 39. Rxh6 Bxf3 40. Rf6
Re1+ 41. Kd2 Re2+ 42. Kc1 Re7 43. Kd2 Bxg4 44. Bc5 Rd7+ 45. Bd4 Kg3 46. Ke3 Re7+
47. Kd3 Bf3 48. Be3 Rd7+ 49. Bd4 Kg4 50. b4 Bc6 51. Ke3 Kg5 52. Rf2 Re7+ 53. Kd3
f5 54. Be3+ Kg4 55. Rf4+ Kg3 0-1

[Event "Titled Tue 10th Jun Early"]
[Site "chess.com INT"]
[Date "2025.06.10"]
[Round "5"]
[White "Pham, Le Thao Nguyen"]
[Black "Sitnic, Adnan"]
[Result "0-1"]
[WhiteTitle "IM"]
[BlackTitle "CM"]
[WhiteElo "2357"]
[BlackElo "2058"]
[WhiteFideId "12401226"]
[BlackFideId "14403854"]
[EventDate "2025.06.10"]

1. d4 Nf6 2. Nf3 e6 3. Bg5 Be7 4. e3 b6 5. Nbd2 Bb7 6. Bd3 O-O 7. O-O d6 8. Qe2
Nbd7 9. Rfd1 h6 10. Bh4 e5 11. dxe5 dxe5 12. Bf5 Qe8 13. e4 Nh5 14. Bg3 Nxg3 15.
hxg3 Bf6 16. Nc4 Nc5 17. b4 Na4 18. Bd7 Nc3 19. Qe1 Qe7 20. Qxc3 Bxe4 21. Qe1
Bxc2 22. Rd2 e4 23. Rc1 Bc3 24. Rcxc2 Bxd2 25. Rxd2 Rfd8 26. Bc6 Rxd2 27. Ncxd2
Rd8 28. Qxe4 Qd6 29. b5 a5 30. a4 Qb4 31. Qxb4 axb4 32. Nb3 Rd3 33. Nfd4 Kf8 34.
f3 Ke7 35. Kf2 Rd1 36. Nf5+ Kf6 37. Ne3 Rb1 38. Nd4 b3 39. Be4 Rb2+ 40. Ke1 Ke5
41. Ne2 Kf6 42. Nd1 Ra2 43. Nec3 Ra1 44. Kd2 Ra2+ 45. Kc1 Rxg2 46. g4 g6 47. Bd5
h5 48. gxh5 gxh5 49. Ne3 Rg1+ 50. Kb2 h4 51. Kxb3 h3 52. Ng4+ Kg5 53. Ne2 Rg2
54. Nd4 h2 55. Nxh2 Rxh2 56. Be4 Kf4 0-1

[Event "Titled Tue 10th Jun Early"]
[Site "chess.com INT"]
[Date "2025.06.10"]
[Round "5"]
[White "Ejsymont, Blanka"]
[Black "Sakhayi, Mostafa"]
[Result "0-1"]
[WhiteTitle "WCM"]
[BlackTitle "CM"]
[WhiteElo "1984"]
[BlackElo "2166"]
[WhiteFideId "21088268"]
[BlackFideId "12512532"]
[EventDate "2025.06.10"]

1. e4 e5 2. Nf3 Nc6 3. c3 Nf6 4. Bd3 d5 5. exd5 Qxd5 6. Bc2 e4 7. Ng1 Bg4 8. Ne2
O-O-O 9. h3 Bh5 10. g4 Bg6 11. Nf4 Qe5 12. Nxg6 hxg6 13. Qe2 Qf4 14. Na3 Nxg4
15. d4 exd3 16. Bxf4 dxe2 17. Kxe2 Nf6 18. Nc4 Rh4 19. Kf3 Nh5 20. Bg5 Rxc4 21.
Bxd8 Rf4+ 22. Kg2 Kxd8 23. Bd1 Bc5 24. Rf1 Nf6 25. b4 Bb6 26. a4 a5 27. b5 Ne5
28. Bc2 Rc4 29. Rae1 Rxc3 30. Rxe5 Rxc2 31. Rd1+ Kc8 32. Re7 Rxf2+ 33. Kh1 Kb8
34. Rd8+ Ka7 35. Rxf7 Ne4 36. Rxf2 Nxf2+ 37. Kg2 Ne4 38. Rd7 Nc5 39. Rxg7 Nxa4
40. Rxg6 Nc3 41. h4 Nxb5 42. h5 Bd4 43. h6 a4 44. h7 a3 45. Rg4 a2 46. Rxd4 Nxd4
47. h8=Q a1=Q 48. Qe5 Qc3 49. Qe4 Qc2+ 50. Qxc2 Nxc2 51. Kf3 Nd4+ 52. Ke3 Ne6
53. Kd3 b5 54. Kc3 Kb6 55. Kb3 c5 56. Kc3 c4 57. Kb4 Kc6 58. Kc3 Kc5 59. Kb2 b4
60. Kc2 c3 61. Kb3 Kd4 62. Ka4 c2 63. Kb5 c1=Q 64. Kb6 b3 65. Kb7 b2 66. Ka7
b1=Q 67. Ka6 Qa3# 0-1

[Event "Titled Tue 10th Jun Early"]
[Site "chess.com INT"]
[Date "2025.06.10"]
[Round "5"]
[White "Mitrabha, Guha"]
[Black "Klimkowski, Jan"]
[Result "0-1"]
[WhiteTitle "GM"]
[BlackTitle "GM"]
[WhiteElo "2515"]
[BlackElo "2508"]
[WhiteFideId "5057000"]
[BlackFideId "21856222"]
[EventDate "2025.06.10"]

1. Nf3 Nf6 2. c4 e6 3. g3 d5 4. Bg2 d4 5. O-O c5 6. e3 Nc6 7. exd4 cxd4 8. d3
Bd6 9. Bg5 h6 10. Bxf6 Qxf6 11. Nbd2 Qe7 12. Re1 O-O 13. Nb3 Qf6 14. Nbd2 Qe7
15. Nb3 Qf6 16. a3 a5 17. Rc1 Rd8 18. c5 Bc7 19. Nbd2 Qe7 20. Ne4 Bd7 21. Nfd2
a4 22. Nc4 Na5 23. Nxa5 Bxa5 24. Re2 Bc6 25. Nd6 Bxg2 26. Kxg2 Qd7 27. Rec2 Bc7
28. Ne4 Qc6 29. Qf3 f5 30. Nd2 e5 31. Re1 Rf8 32. Kg1 Rae8 33. Qxc6 bxc6 34. Nc4
e4 35. Rce2 Rd8 36. Kg2 Rd5 37. dxe4 Rxc5 38. Nd2 Ba5 39. Rd1 Rc2 40. exf5 d3
41. Re3 Rxd2 42. Rxd2 Bxd2 43. Rxd3 Bc1 44. Rd4 Ra8 45. Rb4 c5 46. Rb5 c4 47. g4
c3 48. bxc3 Bxa3 49. Rb1 Bd6 50. Kf3 a3 51. Ke4 Bxh2 52. f4 Ra4+ 53. Kd5 Bxf4
54. Ra1 a2 55. Kc5 Be5 56. Kb5 Bxc3 0-1

[Event "Titled Tue 10th Jun Early"]
[Site "chess.com INT"]
[Date "2025.06.10"]
[Round "5"]
[White "Agarwal, Amaya"]
[Black "Pulido Alvarez, Ariel"]
[Result "0-1"]
[WhiteTitle "WCM"]
[BlackTitle "FM"]
[WhiteElo "2004"]
[BlackElo "2252"]
[WhiteFideId "48733580"]
[BlackFideId "3503011"]
[EventDate "2025.06.10"]

1. e4 c5 2. c3 d5 3. exd5 Qxd5 4. d4 Nf6 5. Nf3 Nc6 6. Be2 cxd4 7. cxd4 e6 8.
O-O Be7 9. Nc3 Qd8 10. Be3 O-O 11. Ne5 Bd7 12. Nxd7 Qxd7 13. Qd2 Rfd8 14. Rad1
Rac8 15. Bg5 Nd5 16. Bxe7 Ncxe7 17. Bb5 Qc7 18. Rc1 Qf4 19. Qxf4 Nxf4 20. Rfd1
a6 21. Bf1 Nf5 22. g3 Ng6 23. Bg2 b5 24. Ne2 Kf8 25. f4 Ne3 26. Rxc8 Rxc8 27.
Rd3 Nxg2 28. Kxg2 Rc2 29. Kf3 Rxb2 30. d5 exd5 31. Rxd5 Rxa2 32. f5 Ra3+ 33. Kf2
Ke7 34. fxg6 hxg6 35. Rc5 b4 36. Rc7+ Ke6 37. Nd4+ Kd5 38. Nc2 Ra2 39. Ke3 a5
40. Ne1 Rxh2 41. Nd3 Ke6 42. Rc5 Ra2 43. Rc6+ Kd7 44. Rb6 Ra3 45. Rb7+ Ke6 46.
Kd2 Ra2+ 47. Kc1 Kd5 48. Nf4+ Kc4 49. Rc7+ Kb3 50. Nd3 Rg2 51. Nc5+ Ka2 52. Ne4
Re2 0-1

[Event "Titled Tue 10th Jun Early"]
[Site "chess.com INT"]
[Date "2025.06.10"]
[Round "5"]
[White "Iskusnyh, Sergei"]
[Black "Atakhan, Abtin"]
[Result "1-0"]
[WhiteTitle "GM"]
[BlackTitle "IM"]
[WhiteElo "2440"]
[BlackElo "2388"]
[WhiteFideId "4120027"]
[BlackFideId "22502203"]
[EventDate "2025.06.10"]

1. d4 Nf6 2. c4 e6 3. g3 d5 4. Bg2 Be7 5. Nf3 O-O 6. Qc2 c5 7. dxc5 dxc4 8. Qxc4
Qa5+ 9. Bd2 Qxc5 10. Qxc5 Bxc5 11. Nc3 Nc6 12. O-O Bd7 13. Rfd1 Rfc8 14. Rac1
Be8 15. Be1 a6 16. Na4 Ba7 17. Nc5 Rab8 18. b4 Nd5 19. a3 Nce7 20. Ne5 Bxc5 21.
bxc5 f6 22. Nd3 Ba4 23. Rd2 Nc6 24. e4 Nde7 25. Bh3 Kf7 26. Nb2 b5 27. cxb6 Bb3
28. Rd7 Rxb6 29. Bb4 Ke8 30. Rd3 Ba2 31. Rdc3 Rd8 32. Na4 Rb5 33. Rxc6 Nxc6 34.
Rxc6 Rd1+ 35. Kg2 a5 36. Nc3 axb4 37. Nxb5 b3 38. Bxe6 Rd2 39. Nc3 Rc2 40. Rc7
Kf8 41. Nb5 Rxc7 42. Nxc7 Ke7 43. Bc4 Kd6 44. a4 Kxc7 45. a5 Kb7 46. a6+ Kb6 47.
Kf3 g6 48. Ke3 Bb1 49. Bxb3 Kxa6 50. Kd4 Kb6 51. Bg8 h6 52. e5 fxe5+ 53. Kxe5
Kc7 54. Kf6 Kd6 55. Bh7 Bd3 56. Bxg6 Bb5 57. f4 Bd7 58. f5 Kd5 59. Kg7 Ke5 60.
f6 h5 61. f7 1-0

[Event "Titled Tue 10th Jun Early"]
[Site "chess.com INT"]
[Date "2025.06.10"]
[Round "5"]
[White "Galchenko, Matvey"]
[Black "Sargsyan, Shant"]
[Result "0-1"]
[WhiteTitle "IM"]
[BlackTitle "GM"]
[WhiteElo "2435"]
[BlackElo "2669"]
[WhiteFideId "24175480"]
[BlackFideId "13306766"]
[EventDate "2025.06.10"]

1. e4 g6 2. d4 Nf6 3. e5 Nh5 4. Nf3 d6 5. Bc4 Bg7 6. O-O dxe5 7. Nxe5 Bxe5 8.
dxe5 Qxd1 9. Rxd1 Nc6 10. f4 Ng7 11. Be3 Bg4 12. Re1 O-O-O 13. Nc3 Be6 14. Bb5
Nb4 15. Rac1 a6 16. Bc5 Nd5 17. Bf1 Nxc3 18. bxc3 Rd7 19. a4 h5 20. Red1 Rhd8
21. Rxd7 Rxd7 22. Kf2 Bf5 23. Ke3 Ne6 24. Bb4 Nd8 25. Bc4 Be6 26. Bd3 Nc6 27.
Bc5 Rd5 28. Bb4 Rd8 29. Rf1 Bd5 30. Rf2 e6 31. g3 Ba2 32. h3 Kd7 33. g4 hxg4 34.
hxg4 Rh8 35. Be4 Rh3+ 36. Rf3 Rh2 37. Rf2 Rh3+ 38. Rf3 Rh4 39. Rg3 b6 40. Bf3 a5
41. Ba3 Rh2 42. Rg2 Rh3 43. Kf2 Rxf3+ 44. Kxf3 Bd5+ 45. Kf2 Bxg2 46. Kxg2 Nb8
47. Kg3 c6 48. c4 Na6 49. Kh4 Nc7 50. Kg5 b5 51. cxb5 cxb5 52. axb5 Nxb5 53. Bb2
a4 54. Kf6 Ke8 55. c4 a3 56. Ba1 Nc7 57. f5 gxf5 58. gxf5 Kd7 59. fxe6+ fxe6 60.
Kf7 a2 61. Kf6 Na6 62. Bc3 Nc5 63. Kf7 Ne4 64. Bd4 Nd2 65. c5 Nb3 66. c6+ Kxc6
67. Bb2 Kd5 0-1

[Event "Titled Tue 10th Jun Early"]
[Site "chess.com INT"]
[Date "2025.06.10"]
[Round "5"]
[White "Pajcin, Lav"]
[Black "Guerrero Cataldo, Juan Andres"]
[Result "1/2-1/2"]
[WhiteTitle "FM"]
[BlackTitle "CM"]
[WhiteElo "2281"]
[BlackElo "2082"]
[WhiteFideId "966746"]
[BlackFideId "3421260"]
[EventDate "2025.06.10"]

1. d4 d6 2. Nf3 Nd7 3. c4 e5 4. Nc3 c6 5. e4 Qc7 6. Be2 Ngf6 7. O-O Be7 8. Be3
Ng4 9. Bd2 O-O 10. h3 Ngf6 11. Be3 a5 12. Qc2 Re8 13. Rfd1 Bf8 14. Rac1 exd4 15.
Nxd4 Nc5 16. Bf3 a4 17. Bf4 Qa5 18. Nf5 Ncxe4 19. Nxg7 Bxg7 20. Nxe4 Bf5 21.
Nxf6+ Bxf6 22. Qd2 Qxd2 23. Rxd2 Rad8 24. Rcd1 Be4 25. b3 axb3 26. axb3 d5 27.
cxd5 cxd5 28. Be3 Kg7 29. Bd4 Bxd4 30. Rxd4 Bxf3 31. gxf3 Re5 32. f4 Rf5 33. Kg2
Kf6 34. Kf3 Ke6 35. Rg1 Rc8 36. Re1+ Kf6 37. Re3 Rh5 38. Ke2 Rc2+ 39. Kf1 Rc1+
40. Kg2 Rc8 41. Rb4 Rg8+ 42. Kh2 Rb8 43. Rc3 Rf5 44. Rc7 b6 45. Kg3 Rg8+ 46. Kf3
Rg6 47. Rxb6+ Kg7 48. Rxg6+ hxg6 49. b4 g5 50. b5 Rxf4+ 51. Ke3 Rb4 52. Rc5 d4+
53. Kd3 Kg6 54. f3 f6 55. Rd5 Kf7 56. Ke4 Ke6 57. Rc5 f5+ 58. Kd3 Kf6 59. Rc6+
Ke5 60. b6 Kf4 61. Rf6 Rb3+ 62. Kxd4 Rxf3 63. b7 Rb3 64. Rf7 Kg3 65. Rxf5 Rxb7
66. Rxg5+ Kxh3 67. Rc5 Kg4 68. Ke4 Re7+ 69. Kd4 Rf7 70. Rc4 Rf4+ 71. Kd5 Rxc4
72. Kxc4 1/2-1/2

[Event "Titled Tue 10th Jun Early"]
[Site "chess.com INT"]
[Date "2025.06.10"]
[Round "5"]
[White "Levitan, Caleb Levi"]
[Black "Arya G Mallar"]
[Result "1-0"]
[WhiteTitle "FM"]
[BlackTitle "WCM"]
[WhiteElo "2399"]
[BlackElo "2000"]
[WhiteFideId "14332620"]
[BlackFideId "25115324"]
[EventDate "2025.06.10"]

1. e4 c5 2. Nf3 d6 3. d4 cxd4 4. Nxd4 Nf6 5. Nc3 Nc6 6. Bc4 e6 7. Bb3 Be7 8. Be3
Bd7 9. Qe2 a6 10. O-O-O Qa5 11. f3 Rc8 12. Kb1 b5 13. Nxc6 Rxc6 14. Rhe1 O-O 15.
Bd4 Rfc8 16. e5 dxe5 17. Bxe5 Be8 18. Bxf6 Bxf6 19. Nd5 Bh4 20. g3 Bd8 21. f4 b4
22. f5 Qc5 23. fxe6 Rxe6 24. Qd3 Rxe1 25. Rxe1 Bg5 26. h4 Bf6 27. Nxf6+ gxf6 28.
Qxa6 Rd8 29. Qxf6 Rc8 30. Qg5+ Qxg5 31. hxg5 Bd7 32. Re4 Rb8 33. Rd4 Bf5 34. Rf4
Bg6 35. a3 Kg7 36. axb4 Rb5 37. Ka2 Rxg5 38. g4 Rb5 39. c3 h5 40. gxh5 Bxh5 41.
Ka3 Bg6 42. c4 Rb8 43. b5 Ra8+ 44. Kb4 Rb8 45. c5 Re8 46. b6 Be4 47. Kb5 Re7 48.
c6 Re5+ 49. Ka6 Bxc6 50. Rxf7+ Kg6 51. Rc7 Bd5 52. b7 Bxb7+ 53. Rxb7 Re2 54. Bc4
Rd2 55. b4 Kf6 56. b5 Ke5 57. Kb6 Rb2 58. Bf7 1-0